| 000 | 00630cam a2200241 4500 | ||
|---|---|---|---|
| 001 | ##M2106 | ||
| 002 | ##3014 | ||
| 008 | 090401t1995 xxu||||| |||| 00| 0 eng d | ||
| 035 | _a(Sirsi) u36492 | ||
| 041 | 0 | _aeng | |
| 050 | 0 | 4 | _a692.50285 $2 18 |
| 090 | _aRICS 1995/129ABCD | ||
| 110 | 2 |
_aElectronic Data Interchange (Construction) Ltd _92481 |
|
| 245 | 0 | 0 | _aTender messages documentation |
| 260 |
_aLondon _bEDICON _bRICS _c1995 |
||
| 300 |
_aca. 200p. _c30cm. |
||
| 350 | _a30 | ||
| 520 | _aUnder review 1 August 2006. | ||
| 651 | 4 |
_aUnited Kingdom _y |
|
| 690 |
_aProcurement _96260 |
||
| 942 | _n0 | ||
| 948 | _c04/03/1997 | ||
| 999 |
_c90300 _d90300 |
||